Central Library OPAC University of Rajshahi

War and human progress : (Record no. 42550)

MARC details
000 -LEADER
fixed length control field 00604nam a2200205 a 4500
001 - CONTROL NUMBER
control field 42550
003 - CONTROL NUMBER IDENTIFIER
rucl marc code BD-RjUL
005 - DATE AND TIME OF LATEST TRANSACTION
control field 20211209053546.0
008 - FIXED-LENGTH DATA ELEMENTS--GENERAL INFORMATION
fixed length control field 160613s1950 xxu||||| |||| 001 0 eng d
035 ## - SYSTEM CONTROL NUMBER
System control number (BD-RjUL)42668
040 ## - CATALOGING SOURCE
Original cataloging agency BD-RjUL
Language of cataloging eng
Transcribing agency BD-RjUL
041 ## - LANGUAGE CODE
Language code of text/sound track or separate title eng
082 ## - DEWEY DECIMAL CLASSIFICATION NUMBER
Edition number 23
Classification number 330
Author mark and year NEW 1950
100 ## - MAIN ENTRY--PERSONAL NAME
Personal name Nef, John U.
9 (RLIN) 130844
245 10 - TITLE STATEMENT
Title War and human progress :
Remainder of title An essay on the rise of industrial civilization /
Statement of responsibility, etc. John U. Nef
260 ## - PUBLICATION, DISTRIBUTION, ETC. (IMPRINT)
Place of publication, distribution, etc. London :
Name of publisher, distributor, etc. Routledge & kegan paul,
Date of publication, distribution, etc. 1950
300 ## - PHYSICAL DESCRIPTION
Pagination ix, 464 p. ;
Size 25 cm.
650 ## - SUBJECT ADDED ENTRY--TOPICAL TERM
Topical term or geographic name as entry element Economics
9 (RLIN) 130845
942 ## - ADDED ENTRY ELEMENTS (KOHA)
Source of classification or shelving scheme Dewey Decimal Classification
Koha item type Books
Holdings
Lost status Source of classification or shelving scheme Damaged status Not for loan Collection code Permanent Location Current Location Shelving location Date acquired Source of acquisition Cost, normal purchase price Total Checkouts Full call number Date last seen Copy number Koha item type
  Dewey Decimal Classification     Non-fiction Central Library, University of Rajshahi Central Library, University of Rajshahi   07/09/1955 B.H. Blackwell 65.00   330 NEW 1950 13/06/2016 C-2 Books